000 00652nam a2200277Ia 4500
005 20260324120831.0
008 008 260324s9999 xx 000 0 eng d
020 _a9781315238593
037 _aEBOOK
040 _aCRL
040 _beng
040 _cCRL
041 _2eng
041 _aeng
084 _qCRL
100 _aKathryn Lowerre
_91160151
245 4 _aThe Lively Arts of the London Stage, 1675–1725
260 _bTaylor and Francis
260 _c2014
365 _a
365 _b220
856 _uhttp://www.taylorfrancis.com/books/9781315238593
942 _cEBOOK
999 _c1751878
_d1751878